[Event "RSA-ch"]
[Site "Cape Town"]
[Date "2024.04.01"]
[Round "10"]
[White "Mhango, Banele"]
[Black "Kobese, Watu"]
[Result "1-0"]
[WhiteElo "2193"]
[BlackElo "2268"]
[PlyCount "131"]
[EventDate "2024.03.25"]
[EventType "tourn"]
[EventRounds "11"]
[EventCountry "RSA"]
[SourceTitle "CB14_2024"]
[SourceDate "2024.04.01"]
[SourceVersion "1"]
[SourceVersionDate "2024.04.01"]
[SourceQuality "1"]

1. d4 Nf6 2. Nc3 g6 3. Bf4 d6 4. e4 c6 5. Qd2 Nbd7 6. Nf3 Bg7 7. a4 0-0 8. Be2 Qa5 9. 0-0 e5 10. dxe5 dxe5 11. Bh6 Qb4 12. Bxg7 Kxg7 13. Qe3 a5 14. Nd2 Qd4 15. Qxd4 exd4 16. Nd1 Re8 17. f3 Nd5 18. Nf2 Nf4 19. Bc4 Nb6 20. Bb3 Be6 21. Bxe6 Nxe6 22. Nd3 f6 23. f4 c5 24. f5 gxf5 25. exf5 c4 26. fxe6 cxd3 27. cxd3 Rxe6 28. Nb3 Re3 29. Nxd4 Rxd3 30. Ne6+ Kf7 31. Nc5 Rd5 32. Ne4 Nd7 33. Rac1 Re8 34. Rf4 Re6 35. Rc7 b6 36. h3 h5 37. Rc8 Rde5 38. Ng3 Rg5 39. Kh2 Re3 40. Ne4 Rd5 41. Rc6 Rxe4 42. Rxe4 Rd2 43. b4 axb4 44. Rxb4 Kg6 45. Rc8 Ra2 46. Ra8 Kf7 47. Kg3 Ke6 48. Ra7 Rd2 49. Ra8 Ra2 50. Rh8 Ra3+ 51. Kh2 Ra2 52. Rxh5 Rd2 53. Rhb5 Ra2 54. h4 Kf7 55. Kh3 Kg6 56. Rd5 Ra3+ 57. g3 Nc5 58. Rdd4 Nd3 59. Rxb6 Kf5 60. Rbd6 Nf2+ 61. Kg2 Ne4 62. Rxe4 Kxe4 63. Rxf6 Ke5 64. Rf4 Rb3 65. Kh3 Ra3 66. h5 1-0

[Event "RSA-ch"]
[Site "Cape Town"]
[Date "2024.03.25"]
[Round "1"]
[White "Mhango, Banele"]
[Black "Barrish, Daniel"]
[Result "0-1"]
[WhiteElo "2193"]
[BlackElo "2218"]
[PlyCount "86"]
[EventDate "2024.03.25"]
[EventType "tourn"]
[EventRounds "11"]
[EventCountry "RSA"]
[SourceTitle "CB14_2024"]
[SourceDate "2024.04.01"]
[SourceVersion "1"]
[SourceVersionDate "2024.04.01"]
[SourceQuality "1"]

1. Nf3 Nf6 2. g3 c5 3. Bg2 Nc6 4. 0-0 e5 5. c4 d5 6. d3 d4 7. e3 Nd7 8. Na3 Be7 9. Nc2 0-0 10. a3 a5 11. Re1 Re8 12. Bd2 e4 13. dxe4 d3 14. Ncd4 cxd4 15. exd4 a4 16. c5 Bxc5 17. dxc5 Nxc5 18. Ng5 Ne6 19. Nxe6 Bxe6 20. Bc3 Bb3 21. Qd2 Nd4 22. Qxd3 Nc2 23. Qb5 Nxa1 24. Rxa1 b6 25. Re1 Rc8 26. Qe2 Qe7 27. Qg4 Rxc3 28. bxc3 Qxa3 29. Qd7 Qe7 30. Qb5 Rb8 31. Rb1 Qc5 32. Rxb3 axb3 33. Qxb3 Ra8 34. Qb4 Qxb4 35. cxb4 Ra4 36. b5 Rb4 37. Bf1 Rxe4 38. Kg2 Kf8 39. Kf3 Rb4 40. Bd3 h6 41. Ke3 Ke7 42. Kd2 Kd6 43. Kc3 Kc5 0-1

[Event "Kimberley Moja op"]
[Site "Kimberley"]
[Date "2023.10.04"]
[Round "9"]
[White "Karsten, Jan"]
[Black "Mhango, Banele"]
[Result "0-1"]
[WhiteElo "2249"]
[BlackElo "2230"]
[PlyCount "39"]
[EventDate "2023.09.30"]
[EventType "swiss"]
[EventRounds "9"]
[EventCountry "RSA"]
[SourceTitle "EXT 2024"]
[Source "ChessBase"]
[SourceDate "2023.10.10"]
[SourceVersion "1"]
[SourceVersionDate "2023.10.10"]
[SourceQuality "1"]

1. e4 c5 2. Nf3 e6 3. d4 cxd4 4. Nxd4 Nf6 5. Nc3 Nc6 6. Ndb5 Bb4 7. a3 Bxc3+ 8. Nxc3 d5 9. exd5 exd5 10. Bd3 0-0 11. 0-0 d4 12. Ne2 Bg4 13. f3 Bh5 14. Nf4 Bg6 15. Nxg6 hxg6 16. c4 dxc3 17. bxc3 Qb6+ 18. Kh1 Rad8 19. Rb1 Qc7 20. Qc2 0-1

[Event "Titled Tuesday intern op 13th Jun Early"]
[Site "Chess.com INT"]
[Date "2023.06.13"]
[Round "1"]
[White "Mhango, Banele"]
[Black "Liu, Kelsey"]
[Result "1-0"]
[WhiteElo "2154"]
[BlackElo "2027"]
[PlyCount "59"]
[EventDate "2023.06.13"]
[EventType "swiss (blitz)"]
[EventRounds "11"]
[EventCountry "USA"]
[SourceTitle "EXT 2024"]
[Source "ChessBase"]
[SourceDate "2023.10.10"]
[SourceVersion "1"]
[SourceVersionDate "2023.10.10"]
[SourceQuality "1"]

1. Nf3 Nf6 2. g3 e6 3. Bg2 d5 4. 0-0 Be7 5. d4 0-0 6. c4 dxc4 7. Qc2 c5 8. dxc5 Bxc5 9. Qxc4 Nbd7 10. Nc3 a6 11. Qb3 Qe7 12. Rd1 Rb8 13. a4 b6 14. Bf4 e5 15. Bg5 Bb7 16. e3 h6 17. Bxf6 Nxf6 18. Nh4 Bxg2 19. Kxg2 g6 20. Nd5 Nxd5 21. Rxd5 Kg7 22. Qc3 Rfe8 23. Nf3 f6 24. Rad1 Red8 25. Qd2 Rxd5 26. Qxd5 b5 27. axb5 Rxb5 28. Qc6 Rb6 29. Qc8 Rd6 30. Qxc5 1-0

[Event "Nairobi op"]
[Site "Nairobi"]
[Date "2023.04.09"]
[Round "7"]
[White "Mhango, Banele"]
[Black "Ponkratov, Pavel"]
[Result "0-1"]
[WhiteElo "2213"]
[BlackElo "2580"]
[PlyCount "114"]
[EventDate "2023.04.06"]
[EventType "swiss"]
[EventRounds "9"]
[EventCountry "KEN"]
[SourceTitle "EXT 2024"]
[Source "ChessBase"]
[SourceDate "2023.10.10"]
[SourceVersion "1"]
[SourceVersionDate "2023.10.10"]
[SourceQuality "1"]

1. d4 Nf6 2. Nc3 d5 3. Bf4 a6 4. e3 e6 5. Bd3 Nbd7 6. Nf3 c5 7. dxc5 Nxc5 8. 0-0 Be7 9. h3 0-0 10. a4 b6 11. Nd4 Bb7 12. Bg5 Ne8 13. Bxe7 Qxe7 14. f4 Nd6 15. Qg4 Rac8 16. Rae1 Qd7 17. Qh4 Nxd3 18. cxd3 a5 19. Rd1 Ba6 20. Rf3 Rfd8 21. Rg3 Qe8 22. f5 Nxf5 23. Nxf5 exf5 24. Qf6 Qxe3+ 25. Rxe3 gxf6 26. d4 Rc4 27. Rf3 Bc8 28. b3 Rc6 29. Ne2 Rc2 30. Nf4 Kf8 31. Rf2 Rc3 32. Rf3 Rc6 33. Rdd3 Rc1+ 34. Kf2 Rc2+ 35. Kg3 Be6 36. Kh4 Ke7 37. Kh5 Rg8 38. Kh6 Kd6 39. Rc3 Rd2 40. Kxh7 Rg5 41. Rfd3 Rb2 42. g3 Rb1 43. h4 Rg4 44. h5 Rh1 45. h6 Bd7 46. Re3 Rg5 47. Rc2 Rd1 48. Kh8 Rxd4 49. Rd3 Rxd3 50. Nxd3 Rxg3 51. Rd2 Rg4 52. Rf2 f4 53. Nxf4 Ke5 54. Nd3+ Ke4 55. Rxf6 Kxd3 56. Rxf7 Be8 57. Rg7 Bg6 0-1

[Event "Titled Tuesday intern op 28th Mar Late"]
[Site "Chess.com INT"]
[Date "2023.03.28"]
[Round "2"]
[White "Mhango, Banele"]
[Black "Svane, Rasmus"]
[Result "0-1"]
[WhiteElo "2212"]
[BlackElo "2620"]
[PlyCount "60"]
[EventDate "2023.03.28"]
[EventType "swiss (blitz)"]
[EventRounds "11"]
[EventCountry "USA"]
[SourceTitle "EXT 2024"]
[Source "ChessBase"]
[SourceDate "2023.10.10"]
[SourceVersion "1"]
[SourceVersionDate "2023.10.10"]
[SourceQuality "1"]

1. Nf3 d5 2. g3 Nd7 3. d4 Nb6 4. a3 Bf5 5. a4 a5 6. Bg2 e6 7. 0-0 Be7 8. c3 h6 9. Nfd2 Nf6 10. Re1 0-0 11. e4 Bh7 12. exd5 Nbxd5 13. Ne4 c6 14. Nbd2 Qc7 15. Nxf6+ Nxf6 16. Nc4 Nd5 17. Ne5 Rad8 18. Qg4 Nf6 19. Qe2 c5 20. Bf4 Qb6 21. Nc4 Qa6 22. Be3 Nd5 23. dxc5 Nxe3 24. Nxe3 Bd3 25. Qf3 Bxc5 26. Ng4 Bf5 27. Ne3 Rd2 28. Nxf5 exf5 29. Rf1 Rxb2 30. Qxf5 Qb6 0-1

[Event "Olympiad-44"]
[Site "Chennai"]
[Date "2022.08.03"]
[Round "6.3"]
[White "Mhango, Banele"]
[Black "Fawzy, Adham"]
[Result "0-1"]
[WhiteElo "2238"]
[BlackElo "2471"]
[PlyCount "68"]
[EventDate "2022.07.29"]
[EventType "team-swiss"]
[EventRounds "11"]
[EventCountry "IND"]
[SourceTitle "CBM 210"]
[Source "ChessBase"]
[SourceDate "2022.10.31"]
[SourceVersion "1"]
[SourceVersionDate "2022.10.31"]
[SourceQuality "1"]
[WhiteTeam "South Africa"]
[BlackTeam "Egypt"]
[WhiteTeamCountry "RSA"]
[BlackTeamCountry "EGY"]

1. Nf3 Nf6 2. b3 g6 3. Bb2 Bg7 4. e3 b6 5. Be2 Bb7 6. 0-0 d6 7. d4 Nbd7 8. a4 a5 9. Na3 0-0 10. Nb5 Nd5 11. Qc1 e6 12. Ne1 f5 13. Bf3 Qc8 14. Nd3 e5 15. dxe5 dxe5 16. Be2 Qb8 17. Rd1 c6 18. Na3 Qc7 19. f4 Rae8 20. Re1 Ba6 21. g3 Qa7 22. Nc4 exf4 23. Bxg7 Kxg7 24. gxf4 Bxc4 25. bxc4 Nxe3 26. c5 Nxc5 27. Qb2+ Kh6 28. Ne5 Nd5 29. Rf1 Qe7 30. Qc1 Ne6 31. Ra3 Kg7 32. Nd3 Nd4 33. Bf3 Qe3+ 34. Qxe3 Nxe3 0-1

[Event "South African op"]
[Site "Cape Town"]
[Date "2022.07.16"]
[Round "9"]
[White "Mhango, Banele"]
[Black "Teeke, Karabo"]
[Result "1-0"]
[WhiteElo "2238"]
[BlackElo "1712"]
[PlyCount "121"]
[EventDate "2022.07.09"]
[EventType "swiss"]
[EventRounds "11"]
[EventCountry "RSA"]
[SourceTitle "CBM 209 Extra"]
[Source "ChessBase"]
[SourceDate "2022.09.30"]
[SourceVersion "1"]
[SourceVersionDate "2022.09.30"]
[SourceQuality "1"]

1. e4 c5 2. Nf3 g6 3. d4 cxd4 4. Nxd4 Bg7 5. Nc3 Nc6 6. Be3 Nf6 7. Bc4 Qa5 8. 0-0 0-0 9. Bb3 d6 10. f3 Bd7 11. Qd2 Rac8 12. Qf2 a6 13. Nxc6 Bxc6 14. Bb6 Qh5 15. Rad1 Nd7 16. Bd4 Bxd4 17. Rxd4 Qc5 18. Rfd1 Nb6 19. a3 a5 20. R1d2 Na8 21. Nd5 Bxd5 22. Rxd5 Qxf2+ 23. Kxf2 b6 24. Ba2 Nc7 25. R5d3 Na6 26. Re3 Rc5 27. Bd5 b5 28. Re1 b4 29. axb4 Nxb4 30. Bb3 Rfc8 31. c3 Nc6 32. Ra1 Ne5 33. f4 Nc6 34. Ra4 Rb8 35. Bd5 Nd8 36. b4 axb4 37. cxb4 Rcb5 38. Rb2 Ne6 39. Bxe6 fxe6 40. Ke3 Kf7 41. Kd3 e5 42. g3 exf4 43. gxf4 Rh5 44. Kc4 Rh4 45. Rf2 Rc8+ 46. Kd4 Rc1 47. Raa2 Rb1 48. Kc4 Re1 49. Kd4 Rc1 50. Rab2 Ke6 51. b5 Kd7 52. b6 Rc8 53. Rf3 e5+ 54. fxe5 dxe5+ 55. Kd5 Rf4 56. Rd3 Re8 57. b7 Kc7 58. Rc3+ Kb8 59. Ra3 Rff8 60. Ra8+ Kc7 61. b8Q+ 1-0

[Event "Kimberley Moja"]
[Site "Kimberley"]
[Date "2022.03.21"]
[Round "3"]
[White "Mhango, Banele"]
[Black "Khumalo, Keith"]
[Result "1/2-1/2"]
[WhiteElo "2206"]
[BlackElo "2145"]
[PlyCount "48"]
[EventDate "2022.03.19"]
[EventType "tourn"]
[EventRounds "9"]
[EventCountry "RSA"]
[EventCategory "1"]
[SourceTitle "CBM 207 Extra"]
[Source "ChessBase"]
[SourceDate "2022.05.31"]
[SourceVersion "1"]
[SourceVersionDate "2022.05.31"]
[SourceQuality "1"]

1. e4 e6 2. d4 d5 3. Nc3 Bb4 4. e5 c5 5. a3 Ba5 6. b4 cxd4 7. Qg4 Ne7 8. bxa5 dxc3 9. Qxg7 Rg8 10. Qxh7 Nbc6 11. Nf3 Qc7 12. Bb5 Bd7 13. 0-0 0-0-0 14. Bg5 Nxe5 15. Nxe5 Bxb5 16. Nxf7 Bxf1 17. Nxd8 Rxg5 18. Nxe6 Rxg2+ 19. Kh1 Qe5 20. Rxf1 Qxe6 21. Kxg2 Qg4+ 22. Kh1 Qf3+ 23. Kg1 Qg4+ 24. Kh1 Qf3+ 1/2-1/2

[Event "Titled Tuesday intern op 08th Feb Early"]
[Site "Chess.com INT"]
[Date "2022.02.08"]
[Round "2"]
[White "Mhango, Banele"]
[Black "Horvath, Dominik"]
[Result "1-0"]
[WhiteElo "2199"]
[BlackElo "2483"]
[PlyCount "37"]
[EventDate "2022.02.08"]
[EventType "swiss (blitz)"]
[EventRounds "11"]
[EventCountry "USA"]
[SourceTitle "CBM 206 Extra"]
[Source "ChessBase"]
[SourceDate "2022.03.31"]
[SourceVersion "1"]
[SourceVersionDate "2022.03.31"]
[SourceQuality "1"]

1. Nf3 d5 2. g3 g6 3. Bg2 Bg7 4. d4 Nd7 5. 0-0 Ngf6 6. c4 dxc4 7. Qa4 0-0 8. Qxc4 Nb6 9. Qb3 Be6 10. Qc2 Bf5 11. Qb3 c6 12. Nc3 Ne4 13. Rd1 Nxc3 14. bxc3 Be6 15. Qc2 Qc8 16. a4 a5 17. Ba3 Re8 18. Ng5 Bh3 19. Bxh3 1-0

[Event "Titled Tuesday intern op 01st Feb-A"]
[Site "Chess.com INT"]
[Date "2022.02.01"]
[Round "3"]
[White "Maung, Maung Kyaw Zaw"]
[Black "Mhango, Banele"]
[Result "0-1"]
[WhiteElo "2121"]
[BlackElo "2199"]
[PlyCount "82"]
[EventDate "2022.02.01"]
[EventType "swiss (blitz)"]
[EventRounds "11"]
[EventCountry "USA"]
[SourceTitle "CBM 206 Extra"]
[Source "ChessBase"]
[SourceDate "2022.03.31"]
[SourceVersion "1"]
[SourceVersionDate "2022.03.31"]
[SourceQuality "1"]

1. Nf3 Nf6 2. c4 g6 3. Nc3 Bg7 4. e4 0-0 5. d4 d6 6. Be2 Na6 7. 0-0 e5 8. Re1 Re8 9. d5 Nc5 10. Qc2 a5 11. Rb1 Bd7 12. b3 Ncxe4 13. Nxe4 Nxe4 14. Bd3 Nc5 15. Nd2 f5 16. f3 Qh4 17. Bb2 Nxd3 18. Qxd3 e4 19. Qf1 e3 20. g3 Qh6 21. Bxg7 Qxg7 22. Qd3 exd2 23. Qxd2 b6 24. Kg2 Qf7 25. a3 f4 26. g4 Qf6 27. b4 axb4 28. axb4 Re3 29. Rbc1 Rae8 30. Kf2 Qh4+ 31. Kf1 Rxe1+ 32. Rxe1 Qxe1+ 33. Qxe1 Rxe1+ 34. Kxe1 g5 35. Kd2 Kg7 36. h3 Kf6 37. Kd3 Ke5 38. Kc3 h5 39. Kd3 hxg4 40. hxg4 b5 41. cxb5 Bxb5+ 0-1

[Event "Titled Tuesday intern op 01st Feb-A"]
[Site "Chess.com INT"]
[Date "2022.02.01"]
[Round "1"]
[White "Mhango, Banele"]
[Black "Sadhwani, Raunak"]
[Result "1-0"]
[WhiteElo "2199"]
[BlackElo "2616"]
[PlyCount "161"]
[EventDate "2022.02.01"]
[EventType "swiss (blitz)"]
[EventRounds "11"]
[EventCountry "USA"]
[SourceTitle "CBM 206 Extra"]
[Source "ChessBase"]
[SourceDate "2022.03.31"]
[SourceVersion "1"]
[SourceVersionDate "2022.03.31"]
[SourceQuality "1"]

1. d4 Nf6 2. Nf3 g6 3. g3 Bg7 4. Bg2 0-0 5. 0-0 d6 6. c4 Nbd7 7. Nc3 e5 8. dxe5 dxe5 9. e4 c6 10. h3 a5 11. Be3 Qe7 12. Qc2 Nc5 13. Rfd1 Re8 14. Rd2 Nh5 15. Rad1 Ne6 16. Na4 Rb8 17. Ba7 Ra8 18. Be3 h6 19. Nb6 Rb8 20. Nd7 Bxd7 21. Rxd7 Qf8 22. Ba7 Rbd8 23. Rxb7 Nd4 24. Nxd4 exd4 25. Bf3 c5 26. Bb6 Rb8 27. Rxb8 Rxb8 28. Bxa5 Nf6 29. Bc7 Rc8 30. Bf4 Re8 31. Re1 Nd7 32. Bd2 Ne5 33. Bg2 h5 34. f4 d3 35. Qc1 Nc6 36. Bc3 Nd4 37. Qd2 Rd8 38. e5 h4 39. g4 Bh6 40. g5 Bg7 41. Qxd3 Qe7 42. Bd5 Ne6 43. Qe4 Kh7 44. Bd2 Nd4 45. Be3 Nf5 46. Bf2 Qa7 47. a3 Rb8 48. Re2 Qa4 49. Bxf7 Qd1+ 50. Kg2 Rb3 51. Re1 Qd2 52. Qe2 Qd7 53. Bd5 Qe7 54. a4 Qa7 55. Be4 Qd7 56. Qg4 Rxb2 57. Re2 Rxe2 58. Qxe2 Qxa4 59. Bxf5 gxf5 60. Qh5+ Kg8 61. Qe2 Bf8 62. Bxh4 Be7 63. Bf2 Kg7 64. h4 Qb3 65. h5 Qc3 66. h6+ Kg6 67. Qf3 Qxc4 68. Qc6+ Kh7 69. Qb7 Qe4+ 70. Qxe4 fxe4 71. Be3 c4 72. Kf2 c3 73. Bc1 Bc5+ 74. Kg3 Bd4 75. e6 Kg8 76. f5 e3 77. Kf3 c2 78. Ke2 Bc5 79. Kd3 Be7 80. f6 Bc5 81. g6 1-0

[Event "Titled Tuesday intern op 21st Sept"]
[Site "Chess.com INT"]
[Date "2021.09.21"]
[Round "2"]
[White "Dobrov, Vladimir"]
[Black "Mhango, Banele"]
[Result "1-0"]
[WhiteElo "2478"]
[BlackElo "2261"]
[PlyCount "189"]
[EventDate "2021.09.21"]
[EventType "swiss (blitz)"]
[EventRounds "9"]
[EventCountry "USA"]
[SourceTitle "EXT 2022"]
[Source "ChessBase"]
[SourceDate "2021.10.06"]
[SourceVersion "1"]
[SourceVersionDate "2021.10.06"]
[SourceQuality "1"]

1. d4 Nf6 2. c4 e6 3. Nf3 c5 4. d5 exd5 5. cxd5 d6 6. Nc3 a6 7. e4 g6 8. Bf4 Bg7 9. Qa4+ Bd7 10. Qb3 Bc8 11. a4 0-0 12. Be2 h6 13. Nd2 Ne8 14. 0-0 Nd7 15. Nc4 Qe7 16. Bg3 g5 17. f4 gxf4 18. Bxf4 Ne5 19. Nxe5 Bxe5 20. Nd1 Bxf4 21. Rxf4 Ng7 22. Ne3 f5 23. Raf1 Bd7 24. exf5 Rae8 25. R1f3 Nh5 26. f6 Rxf6 27. Rxf6 Nxf6 28. Bd3 b5 29. axb5 axb5 30. Qc3 Rf8 31. Nf5 Bxf5 32. Bxf5 Kh8 33. Be6 Qg7 34. Rg3 Qh7 35. h3 b4 36. Qe3 Ne4 37. Rg4 Ng5 38. Kh2 Rf1 39. Rf4 Rxf4 40. Qxf4 Qe7 41. Bg4 Qe5 42. Qxe5+ dxe5 43. Kg3 Nf7 44. Kf3 Nd6 45. Ke3 c4 46. Be2 Kg7 47. g4 Kf6 48. h4 c3 49. bxc3 bxc3 50. Kd3 c2 51. Kxc2 e4 52. Kc3 Ke5 53. Bc4 e3 54. Be2 Kxd5 55. Kd3 Ke5 56. Kxe3 Nf7 57. Bc4 Nd6 58. Bb3 Ne8 59. Ba4 Nf6 60. Kf3 Nd5 61. Bb3 Ne7 62. Bf7 Nc6 63. Ke3 Kf6 64. Bd5 Ne7 65. Bf3 Ng6 66. Be2 Nxh4 67. Kf4 Ng6+ 68. Kg3 Kg5 69. Bd3 Ne5 70. Be2 Nf7 71. Bd1 Nd6 72. Be2 Ne8 73. Kh3 Nf6 74. Kg3 Ne4+ 75. Kh3 Nc3 76. Bf3 Nb5 77. Be2 Nd4 78. Bd1 Kf4 79. Kh4 Ne6 80. Kh5 Ng5 81. Kxh6 Ne4 82. Kh5 Ng5 83. Kg6 Ne4 84. Kh5 Ng5 85. Bc2 Nh3 86. Kh4 Ng5 87. Bf5 Nf3+ 88. Kh5 Ng5 89. Bd7 Nf3 90. Be8 Ng5 91. Bc6 Ne6 92. Bb7 Ng5 93. Bd5 Nf3 94. Bxf3 Kxf3 95. g5 1-0